000
00279nam a2200121Ia 4500
008
190216s9999||||xx |||||||||||||| ||und||
100
_a
Marshall Peter
245
0
_a
Research Methods
260
_b
Jaico Publishing House
_c
2002
300
_a
114
650
_a
Commerce
942
_c
BK
999
_c
6530
_d
6530